| 000 | 00482nam a2200157 i 4500 | ||
|---|---|---|---|
| 001 | 35222 | ||
| 003 | ES-MaACL | ||
| 005 | 20230906155058.0 | ||
| 007 | t| | ||
| 008 | 030212s1942 sp ||||1| spa d | ||
| 100 | 1 |
_aBorrell y Maciá, Antonio. _930592 |
|
| 245 | 1 | 0 |
_aResponsabilidades derivadas de culpa extracontractual civil / _cAntonio Borrell Maciá. |
| 260 |
_aBarcelona : _bBosch, _c[1942] ( _fClarasó) |
||
| 300 |
_a293 p. ; _c23 cm. |
||
| 852 |
_aES-MaACL _jF-15881 _bR.20565 |
||
| 999 |
_c35222 _d35222 |
||